| 000 | 00695cab a2200241 4500 | ||
|---|---|---|---|
| 001 | ABS46464 | ||
| 008 | 090401t1992 xxu||||| |||| 00| 0 eng d | ||
| 035 | _a(Sirsi) u58400 | ||
| 041 | _aeng | ||
| 100 | _aOerton, R.T. | ||
| 245 | _aGaining access to your neighbour`s land | ||
| 260 | _c1992 | ||
| 350 | _a0 | ||
| 490 |
_aSolicitors` Journal _v136(19) 15 May 1992, 466-469(3) |
||
| 520 | _aExamines the Access to Neighbouring Land Act 1992 and the access orders deriving from it. | ||
| 650 | _aACCESS ORDERS | ||
| 650 | _aACCESS TO NEIGHBOURING LAND ACT 1992 | ||
| 650 | _aTRESPASS | ||
| 690 | _aLAND | ||
| 690 | _aPROPERTY LAW AND PRACTICE | ||
| 942 | _n0 | ||
| 948 | _c04/03/1997 | ||
| 999 |
_c35649 _d35649 |
||